MLB Four Home Runs in One Game - Statistics

General Stats
  • This quiz has been taken 216 times
    36 since last reset
  • The average score is 7 of 21
Answer Stats
Year Team Answer % Correct
2025 Philadelphia Phillies Kyle Schwarber
89%
2025 Athletics Nick Kurtz
68%
1976 Philadelphia Phillies Mike Schmidt
64%
1961 San Francisco Giants Willie Mays
50%
1932 New York Yankees Lou Gehrig
46%
2002 Los Angeles Dodgers Shawn Green
43%
2003 Toronto Blue Jays Carlos Delgado
39%
2025 Arizona Diamondbacks Eugenio Suarez
39%
2012 Texas Rangers Josh Hamilton
39%
2002 Seattle Mariners Mike Cameron
32%
2017 Arizona Diamondbacks J.D. Martinez
29%
1986 Atlanta Braves Bob Horner
21%
2017 Cincinnati Reds Scooter Gennett
21%
1936 Philadelphia Phillies Chuck Klein
14%
1959 Cleveland Indians Rocky Colavito
14%
1896 Philadelphia Phillies Ed Delahanty
11%
1950 Brooklyn Dodgers Gil Hodges
11%
1954 Milwaukee Braves Joe Adcock
11%
1993 St. Louis Cardinals Mark Whiten
11%
1894 Boston Beaneaters Bobby Lowe
4%
1948 Chicago White Sox Pat Seerey
4%
No matching quizzes found
Score Distribution
Percent of People with Each Score
Percentile by Number Answered
Your Score History
You have not taken this quiz since the last reset